000 00686nam a2200205 a 4500
001 000043863
005 20201002045019.0
008 140507s1997 sp a 000 0 spa d
020 _a8420694851
040 _aDO-SdBNP
_bspa
_cBNPHU
082 _a791.433
_bM894c
100 1 _aMoscardó Guillén, José.
_971742
245 1 3 _aEl cine de animación :
_ben más de 100 largometrajes /
_cJosé Moscardó Guillén.
260 _aMadrid :
_bAlianza,
_c1997.
300 _a288 p. :
_bil. ;
_c24 cm.
504 _aBibliografía : p. 266
650 4 _aDibujos animados
_xHistoria y crítica
_971743
650 4 _aDibujos animados
_vCATÁLOGOS
_971744
910 _aValidado. Control de calidad MFF
999 _c43352
_d43352